The History of the ewnowned don Quixote de la Mancha (Record no. 2928)

MARC details
000 -CABECERA
campo de control de longitud fija 01515nam a2200325 a 4500
001 - NÚMERO DE CONTROL
campo de control BRCA_3192
005 - FECHA Y HORA DE LA ÚLTIMA TRANSACCIÓN
campo de control 20190320204145.0
008 - DATOS DE LONGITUD FIJA--INFORMACIÓN GENERAL
campo de control de longitud fija 180209s1712----enka---###---#000-0#eng-u
041 ## - CÓDIGO DE LENGUA
Código de lengua del texto/banda sonora o título independiente eng
044 ## - CÓDIGO DEL PAÍS DE LA ENTIDAD EDITORA/PRODUCTORA
Código MARC del país enk
084 ## - OTRO NÚMERO DE CLASIFICACIÓN
Número de clasificación 492
Número de documento/Ítem .B83
-- 1712
100 1# - ENTRADA PRINCIPAL--NOMBRE DE PERSONA
Nombre de persona Cervantes Saavedra, Miguel de
Fechas asociadas al nombre 1547-1616
9 (RLIN) 213
245 10 - MENCIÓN DE TÍTULO
Título The History of the ewnowned don Quixote de la Mancha
Mención de responsabilidad, etc. Written in Spanish by Miguel de Cervantes Saavedra.
260 ## - PUBLICACIÓN, DISTRIBUCIÓN, ETC.
Lugar de publicación, distribución, etc. Londres
Nombre del editor, distribuidor, etc. Sam Buckley
Fecha de publicación, distribución, etc. 1712
300 ## - DESCRIPCIÓN FÍSICA
Extensión 4 v.
Otras características físicas il.
Dimensiones 16 cm.
Material acompañante/anejo láminas plegables
500 ## - NOTA GENERAL
Nota general Contenido : v 1. Primera parte. Texto. -- v 2. Texto. -- v 3. Segunda parte. Prólogo del autor. Texto. -- v 4. Texto
500 ## - NOTA GENERAL
Nota general Edición : Traslated from the Original by several Hands and published by Peter Motteux servent to his Majesty. Adorn´d with sculptures. Nullum ingenium sine mixtura dementiae
500 ## - NOTA GENERAL
Nota general Tercera edición de la traducción de Motteux. (Reimpresión de la anterior). Piel; lomos adornados con dorados Lúdovik Osterc
500 ## - NOTA GENERAL
Nota general Con ex-libris de : George Agar Ellis
500 ## - NOTA GENERAL
Nota general QM403A(EB)
546 ## - NOTA DE LENGUA/LENGUAJE
Nota de lengua/lenguaje Texto en : inglés
650 14 - PUNTO DE ACCESO ADICIONAL DE MATERIA--TÉRMINO DE MATERIA
Término de materia o nombre geográfico como elemento de entrada Novela española
Subdivisión cronológica Época clásica, 1500-1700
9 (RLIN) 215
650 14 - PUNTO DE ACCESO ADICIONAL DE MATERIA--TÉRMINO DE MATERIA
Término de materia o nombre geográfico como elemento de entrada Literatura española
Subdivisión cronológica Época clásica, 1500-1700
9 (RLIN) 216
650 14 - PUNTO DE ACCESO ADICIONAL DE MATERIA--TÉRMINO DE MATERIA
Término de materia o nombre geográfico como elemento de entrada Novela española
Subdivisión cronológica Siglo XVII
9 (RLIN) 217
650 14 - PUNTO DE ACCESO ADICIONAL DE MATERIA--TÉRMINO DE MATERIA
Término de materia o nombre geográfico como elemento de entrada Don Quijote (Personaje ficticio)
Término indicativo de función/relación Novela
9 (RLIN) 218
700 1# - PUNTO DE ACCESO ADICIONAL--NOMBRE DE PERSONA
Nombre de persona Motteux, Peter Anthony
Fechas asociadas al nombre 1663-1718
Término indicativo de función/relación Traductor
9 (RLIN) 8563
740 0# - PUNTO DE ACCESO ADICIONAL--TÍTULO RELACIONADO O ANALÍTICO NO CONTROLADO
Título relacionado o analítico no controlado El Ingenioso Hidalgo Don Quijote de la Mancha
902 ## - CATALOGADOR
Iniciales QFM
942 ## - ELEMENTOS DE PUNTO DE ACCESO ADICIONAL (KOHA)
Fuente del sistema de clasificación o colocación Library of Congress Classification
Tipo de ítem Koha Libros
Holdings
Estado de retiro Estado de pérdida Estado dañado No para préstamo Localización permanente Ubicación/localización actual Fecha de adquisición Número de inventario Total de préstamos Signatura topográfica completa Código de barras Fecha visto por última vez Precio válido a partir de Tipo de ítem Koha
El ejemplar forma parte de la colección y puede ser consultado según las políticas vigentes.       Biblioteca del Museo Franz Mayer (Rogerio Casas-Alatriste) Biblioteca del Museo Franz Mayer (Rogerio Casas-Alatriste) 18/02/2009 QM403A(EB)   492 .B83 1712 (QM403A(EB)) 3189 22/03/2019 22/03/2019 Libros